<?xml version="1.0" encoding="UTF-8"?><?xml-stylesheet type="text/xsl" href="static/style.xsl"?><OAI-PMH xmlns="http://www.openarchives.org/OAI/2.0/" xmlns:xsi="http://www.w3.org/2001/XMLSchema-instance" xsi:schemaLocation="http://www.openarchives.org/OAI/2.0/ http://www.openarchives.org/OAI/2.0/OAI-PMH.xsd"><responseDate>2026-04-14T05:08:19Z</responseDate><request verb="GetRecord" identifier="oai:www.recercat.cat:2445/107317" metadataPrefix="marc">https://recercat.cat/oai/request</request><GetRecord><record><header><identifier>oai:recercat.cat:2445/107317</identifier><datestamp>2025-12-05T10:13:31Z</datestamp><setSpec>com_2072_1057</setSpec><setSpec>col_2072_478856</setSpec><setSpec>col_2072_478917</setSpec></header><metadata><record xmlns="http://www.loc.gov/MARC21/slim" xmlns:dcterms="http://purl.org/dc/terms/" xmlns:xsi="http://www.w3.org/2001/XMLSchema-instance" xmlns:doc="http://www.lyncode.com/xoai" xsi:schemaLocation="http://www.loc.gov/MARC21/slim http://www.loc.gov/standards/marcxml/schema/MARC21slim.xsd">
   <leader>00925njm 22002777a 4500</leader>
   <datafield ind2=" " ind1=" " tag="042">
      <subfield code="a">dc</subfield>
   </datafield>
   <datafield ind2=" " ind1=" " tag="720">
      <subfield code="a">Catalán, Jordi</subfield>
      <subfield code="e">author</subfield>
   </datafield>
   <datafield ind2=" " ind1=" " tag="260">
      <subfield code="c">2017-02-23T15:02:53Z</subfield>
   </datafield>
   <datafield ind2=" " ind1=" " tag="260">
      <subfield code="c">2017-02-23T15:02:53Z</subfield>
   </datafield>
   <datafield ind2=" " ind1=" " tag="260">
      <subfield code="c">2013</subfield>
   </datafield>
   <datafield ind2=" " ind1=" " tag="260">
      <subfield code="c">2017-02-23T15:02:53Z</subfield>
   </datafield>
   <datafield ind2=" " ind1=" " tag="520">
      <subfield code="a">La crisi de 1973-1986 esdevingué una tremenda depressió industrial a Catalunya. Aquest treball n'analitza les causes originàries, els factors agreujants i els mecanismes amortidors que ajudaren a superar-la. Les principals causes de primer ordre foren els xocs del petroli, la feblesa governamental, l'espiral inflacionista i l'herència econòmica del franquisme. Agreujaren la crisi fins convertir-la en depressió la desconfiança empresarial, el significatiu increment de costos salarials, els excessos de la política monetària i la liberalització sobtada de sectors com l'automòbil o la banca. Per contra, contribuïren a amortir la depressió el creixement dels serveis (especialment, l'ocupació pública), l'expansió fiscal i la pregona depreciació de la pesseta.</subfield>
   </datafield>
   <datafield tag="653" ind2=" " ind1=" ">
      <subfield code="a">Franquisme</subfield>
   </datafield>
   <datafield tag="653" ind2=" " ind1=" ">
      <subfield code="a">Transició democràtica espanyola, 1975-1982</subfield>
   </datafield>
   <datafield tag="653" ind2=" " ind1=" ">
      <subfield code="a">Francoism</subfield>
   </datafield>
   <datafield tag="653" ind2=" " ind1=" ">
      <subfield code="a">Spanish transition to democracy, 1975-1982</subfield>
   </datafield>
   <datafield ind2="0" ind1="0" tag="245">
      <subfield code="a">La depressió del darrer franquisme i la transició democràtica (1973-1986)</subfield>
   </datafield>
</record></metadata></record></GetRecord></OAI-PMH>